Tragedia con rostro humano /

Gorde:
Xehetasun bibliografikoak
Egile nagusia: Marín González, Rocío
Formatua: Texto
Etiketak: Etiketa erantsi
Etiketarik gabe, Izan zaitez lehena erregistro honi etiketa jartzen!

MARC

LEADER 00000 a a2200000 04500
001 41341
003
040
100 |a Marín González, Rocío  
245 |a Tragedia con rostro humano /  |c Rocío Marín González  
773 |g página 6  
999 |c 26165  |d 26165